000 00526nam a2200217Ia 4500
003 OSt
005 20220924133714.0
006 a|||||r|||| 00| 0
007 ta
008 220923b |||||||| |||| 00| 0 snd d
024 _a268203
037 _cTextual
040 _aARTS
_cARTS
_bsnd
041 _2snd
_asnd
082 _aO15:3x, 1593K4
100 _aMalyani
_9207142
245 0 _aRaja bhoj's stories
260 _c1956
942 _hO15:3x, 1593K4
_cTEXL
_2CC
999 _c434846
_d434846